Distritos de Madrid - Estadísticas

Estadísticas generales
  • Esta prueba ha sido intentada 345 veces
  • La puntuación promedio es 13 de 21
Estadísticas de respuestas
Respuesta % Correcto
Centro
89%
Moncloa - Aravaca
78%
Chamartín
70%
Barrio de Salamanca
69%
Carabanchel
69%
Villa de Vallecas
69%
Chamberí
66%
Fuencarral - El Pardo
62%
Puente de Vallecas
62%
Usera
61%
Latina
60%
Retiro
59%
Villaverde
58%
Barajas
56%
Tetuán
56%
Ciudad Lineal
55%
Vicálvaro
55%
Arganzuela
54%
Hortaleza
54%
San Blas
53%
Moratalaz
52%
No se encontraron pruebas coincidentes
Distribución de puntuación
Porcentaje de gente con cada puntuación
Porcentaje por número respondido
Historial de tus puntuaciones
No has intentado esta prueba.